Library of the University of Algiers 3
Ibrahim Sultan Cheibout
شعار جامعة الجزائر 3
مكتبة جامعة الجزائر 3
إبراهيم سلطان شيبوط

التعامل مع النماذج الصعبة من الناس / (رقم التسجيلة. 42085)

تفاصيل مارك
000 -LEADER
fixed length control field 01146nam a2200217Ia 4500
003 - CONTROL NUMBER IDENTIFIER
control field Ost
005 - DATE AND TIME OF LATEST TRANSACTION
control field 20260507075002.0
008 - FIXED-LENGTH DATA ELEMENTS--GENERAL INFORMATION
fixed length control field 260507s9999||||xx |||||||||||||| ||und||
020 ## - INTERNATIONAL STANDARD BOOK NUMBER
International Standard Book Number 9953870853
040 ## - CATALOGING SOURCE
Transcribing agency fsecg
041 ## - LANGUAGE CODE
Language code of text/sound track or separate title ara
082 ## - DEWEY DECIMAL CLASSIFICATION NUMBER
Classification number 395
100 ## - MAIN ENTRY--PERSONAL NAME
Personal name كافا، روبرتا
Relator term مؤلف
245 #0 - TITLE STATEMENT
Title التعامل مع النماذج الصعبة من الناس /
Statement of responsibility, etc. روبرتا كافا
260 ## - PUBLICATION, DISTRIBUTION, ETC.
Place of publication, distribution, etc. لبنان:
Name of publisher, distributor, etc. الدار العربية للعلوم,
Date of publication, distribution, etc. 2006
300 ## - PHYSICAL DESCRIPTION
Extent 255 صفحة؛
Dimensions 24 سم
520 ## - SUMMARY, ETC.
Summary, etc. فهم السلوك وتأثيراته ، مهارات التواصل الاساسية ، التعامل مع المحتالين ، التعامل مع النماذج الصعبة من الزبائن ، التعامل مع النماذج الصعبة من المشرفين ، التعامل مع النماذج الصعبة من زملاء العمل التعامل مع النماذج الصعبة من الزبائن ، التعامل مع النماذج الصعبة من الزبائن .خاتمة
653 ## - INDEX TERM--UNCONTROLLED
Uncontrolled term آداب السلوك
653 ## - INDEX TERM--UNCONTROLLED
Uncontrolled term التنمية البشرية
942 ## - ADDED ENTRY ELEMENTS (KOHA)
Koha item type كتب
المقتنيات
Withdrawn status Lost status Source of classification or shelving scheme Damaged status Not for loan Home library Current library Date acquired Serial enumeration / chronology Inventory number Total checkouts Full call number Barcode Date last seen Price effective from Koha item type
    Dewey Decimal Classification   NOT LOAN / إعارة داخلية مكتبة كلية العلوم الإقتصادية والعلوم التجارية وعلوم التسيير مكتبة كلية العلوم الإقتصادية والعلوم التجارية وعلوم التسيير 07/05/2026 الطابق الأرضي 2108/1   أ/2616ن1 2108/1 07/05/2026 07/05/2026 كتب
    Dewey Decimal Classification   Available مكتبة كلية العلوم الإقتصادية والعلوم التجارية وعلوم التسيير مكتبة كلية العلوم الإقتصادية والعلوم التجارية وعلوم التسيير 07/05/2026 الطابق الأرضي 2108/2   أ/2616ن2 2108/2 07/05/2026 07/05/2026 كتب
    Dewey Decimal Classification   Available مكتبة كلية العلوم الإقتصادية والعلوم التجارية وعلوم التسيير مكتبة كلية العلوم الإقتصادية والعلوم التجارية وعلوم التسيير 07/05/2026 الطابق الأرضي 2108/3   أ/2616ن3 2108/3 07/05/2026 07/05/2026 كتب
    Dewey Decimal Classification   Available مكتبة كلية العلوم الإقتصادية والعلوم التجارية وعلوم التسيير مكتبة كلية العلوم الإقتصادية والعلوم التجارية وعلوم التسيير 07/05/2026 الطابق الثاني 2108/4   أ/2616ن4 2108/4 07/05/2026 07/05/2026 كتب
    Dewey Decimal Classification   Available مكتبة كلية العلوم الإقتصادية والعلوم التجارية وعلوم التسيير مكتبة كلية العلوم الإقتصادية والعلوم التجارية وعلوم التسيير 07/05/2026 الطابق الثاني 2108/5   أ/2616ن5 2108/5 07/05/2026 07/05/2026 كتب
    Dewey Decimal Classification   Available مكتبة كلية العلوم الإقتصادية والعلوم التجارية وعلوم التسيير مكتبة كلية العلوم الإقتصادية والعلوم التجارية وعلوم التسيير 07/05/2026 مكتبة بن عكنون 2108/6   أ/2616ن6 2108/6 07/05/2026 07/05/2026 كتب
    Dewey Decimal Classification   Available مكتبة كلية العلوم الإقتصادية والعلوم التجارية وعلوم التسيير مكتبة كلية العلوم الإقتصادية والعلوم التجارية وعلوم التسيير 07/05/2026 مكتبة بن عكنون 2108/7   أ/2616ن7 2108/7 07/05/2026 07/05/2026 كتب
    Dewey Decimal Classification   Available مكتبة كلية العلوم الإقتصادية والعلوم التجارية وعلوم التسيير مكتبة كلية العلوم الإقتصادية والعلوم التجارية وعلوم التسيير 07/05/2026 مكتبة بن عكنون 2108/8   أ/2616ن8 2108/8 07/05/2026 07/05/2026 كتب

موارد الويب المفتوحة


© University of Algiers 3 All Rights Reserved
|
Implemented by LECHELAH Riad